Größte Städte Schottlands - Statistiken

Allgemein
  • Dieses Quiz wurde 90 mal gespielt
  • Das Durchschnittsergebnis liegt bei 4 aus 11
Antwortstatistiken
Rang Stadt Einwohnerzahl % Korrekt
1 Glasgow 631.690
99%
2 Edinburgh 515.310
98%
3 Aberdeen 196.220
91%
4 Dundee 146.840
72%
8 Dunfermline 55.480
10%
5 Paisley 76.990
9%
7 Livingston 57.360
7%
9 Hamilton 54.640
4%
11 Kirkcaldy 50.336
4%
10 Cumbernauld 50.340
2%
6 East Kilbride 75.350
2%
Keine übereinstimmenden Quizze gefunden
Verteilung der Resultate
Anzahl Personen mit jedem Resultat
Perzentil nach korrekt beantworteten Fragen
Ihre Resultats-Entwicklung
Sie haben dieses Quiz noch nicht gespielt